Missing Word: Body Parts in Movie Titles Quiz Stats

 Plays Quiz Updated Jul 18, 2018

Score 0/16 Timer 03:00
0 Plays Today
Movie Body Part % Correct
Cool ____ LukeHand
95%
The Empire Strikes ____Back
94.9%
Indiana Jones and the ______ of DoomTemple
90.7%
Attack of the 50 ____ WomanFoot
89.7%
I _____ HuckabeesHeart
89.1%
Eagle ___Eye
87.7%
____ in the CloudsHead
84.5%
A Farewell to ___Arms
80.6%
Movie Body Part % Correct
____/OffFace
80.3%
Bury My Heart at Wounded ____Knee
78.4%
_____ FairyTooth
78.4%
The Spy with a Cold ____Nose
58.5%
The ______ Points Finger
51.3%
The Secret Adventures of Tom _____Thumb
50.4%
Winter's ____Bone
42.8%
____ Springs WeekendPalm
26.4%

Today's Daily Dose

You're not logged in!

Compare scores with friends on all Sporcle quizzes.
Join for Free
OR
Log In

You Might Also Like...

Show Comments

Extras

Top Quizzes Today


Score Distribution

Your Account Isn't Verified!

In order to create a playlist on Sporcle, you need to verify the email address you used during registration. Go to your Sporcle Settings to finish the process.

Report this User

Report this user for behavior that violates our Community Guidelines.

Details: